Economic growth /

Bibliographic Details
Main Author: Weil, David N.
Format: Book
Language:English
Published: Boston : Addison-Wesley, c2005.
Subjects:
Classic Catalogue: View this record in Classic Catalogue
LEADER 01109nam a2200253 a 4500
001 0017230
003 BD-DhAAL
008 091103s2005 maua bn 001 0 eng d
010 |a  2004005409 
020 |a 0201680262 
040 |a DLC  |c DLC  |d DLC  |d BD-DhAAL 
082 0 0 |a 338.9  |2 22 
100 1 |a Weil, David N.  |9 24958 
245 1 0 |a Economic growth /  |c David N. Weil. 
260 |a Boston :  |b Addison-Wesley,  |c c2005. 
300 |a xxv, 547 p. :  |b ill. ;  |c 24 cm 
504 |a Includes bibliographical references (pages 513-525) and index. 
526 |a ESS  |x Moshahida Sultana Lecturer Department of Economics and Social Sciences (ESS) Course No. :ECO 311  
541 1 |e 00017230  |a Essence Science Publications 
650 0 |a Economic development. 
852 4 |a Ayesha Abed Library  |c General Stacks 
942 |2 ddc  |c BK 
999 |c 5619  |d 5619 
952 |0 0  |1 0  |2 ddc  |4 0  |6 338_900000000000000_WEI_2005  |7 0  |9 5522  |a BRACUL  |b BRACUL  |c GEN  |d 2009-11-19  |e Essence Science Publications  |g 9955.00  |l 4  |m 14  |o 338.9 WEI  |p 3010017230  |r 2025-03-19  |s 2025-03-11  |t 1  |w 2009-11-19  |y BK  |x Requisitioned by Moshahida Sultana (Lecturer) for the course no. 'Eco 311'